000 00574nam a2200229Ia 4500
003 OSt
005 20220912150535.0
006 a|||||r|||| 00| 0
007 ta
008 220909b |||||||| |||| 00| 0 eng d
024 _a39650
037 _cTextual
040 _aCSL
_beng
_cCSL
041 _aeng
082 _aG:5, L3
100 _aWatt K E F
245 0 _aPrinciples of environmental science
260 _aNew York
_b McGraw-Hill
_c1973
300 _axiv,319p.
_ccm.
942 _hG:5, L3
_cTEXL
_2CC
999 _c49591
_d49591